Ba mươi năm sân khấu ca kịch cách mạng
সংরক্ষণ করুন:
| প্রধান লেখক: | |
|---|---|
| অন্যান্য লেখক: | , |
| বিন্যাস: | গ্রন্থ |
| প্রকাশিত: |
H.
Văn Hóa
1980
|
| বিষয়গুলি: | |
| ট্যাগগুলো: |
ট্যাগ যুক্ত করুন
কোনো ট্যাগ নেই, প্রথমজন হিসাবে ট্যাগ করুন!
|
| Thư viện lưu trữ: | Trung tâm Học liệu Lê Vũ Hùng, Trường Đại học Đồng Tháp |
|---|
| LEADER | 00836pam a22002658a 4500 | ||
|---|---|---|---|
| 001 | 00021492 | ||
| 005 | 20171026081025.0 | ||
| 008 | 110525s1980 ||||||Viesd | ||
| 041 | 0 | # | |a Vie |
| 082 | 1 | 4 | |a 792.095 97 |b B100M |
| 100 | 0 | # | |a Hà Văn Cầu |
| 245 | 0 | 0 | |a Ba mươi năm sân khấu ca kịch cách mạng |c Hà Văn Cầu, Hoàng Châu Ký, Hoàng Như Mai |
| 260 | # | # | |a H. |b Văn Hóa |c 1980 |
| 300 | # | # | |a 155 tr. |c 19 cm. |
| 653 | # | # | |a Chèo |
| 653 | # | # | |a Cải lương |
| 653 | # | # | |a Việt Nam |
| 653 | # | # | |a Tuồng |
| 653 | # | # | |a Sân khấu |
| 700 | 0 | # | |a Hoàng Châu Ký |
| 700 | 0 | # | |a Hoàng Như Mai |
| 852 | # | # | |j KD.0006532 |
| 852 | # | # | |b Kho đọc |j KD.0006532 |
| 910 | 0 | # | |a kìm |d 25/05/2011 |
| 980 | # | # | |a Trung tâm Học liệu Lê Vũ Hùng, Trường Đại học Đồng Tháp |